000
00300nam a2200109Ia 4500
008
230907s9999||||xx |||||||||||||| ||und||
082
_a
621.3822
_b
KAM
245
0
_a
Fundamentals of signals and systems using the Web and MATLAB /
260
_a
Pearson
_b
Noida :
_c
2014
300
_a
644 p.
942
_c
BK
999
_c
598876
_d
598876